000 00864nam a2200229 a 4500
001 000019832
005 20200929170145.0
008 100707s1968 sp a r 000 0 spa d
040 _aDO-SdBNP
_bspa
_cBNPHU
082 _a635.982
_bF413g
100 1 _aFeslikenian, Franca
_942329
245 1 0 _aGuía breve de jardinería :
_bcultivos en jardín, balcones e interiores /
_cFranca Feslikenian ; traducción Baudilio Juscafresa.
260 _aBarcelona, (España) :
_bEditorial de Vecchi,
_c1968.
300 _a169 p. :
_bil. ;
_c19 cm.
490 1 _aColección biblioteca práctica de Vecchi ;
_vno.19
650 4 _aJardinería
_942330
650 4 _aJardinería de interiores
_942331
650 4 _aJardinería de azotea
_942332
700 1 _aJuscafresa, Baudilio
_etr.
_942333
830 0 _aColección biblioteca práctica de Vecchi ;
_nno.19
_942334
049 _aBNGR
999 _c19345
_d19345